00346cam a2200133ua 4500041001000000082001300010100002400023245007000047260005200117300001200169504000500181942000700186999001900193 aengh a828.09b aNicoll, Allardyce . aHistory of English drama / cAllardyce Nicoll.hTextual Documents aLondon : bCambridge University Press , c1965. a564 ; . a cBK c336430d336430